|
|
|
|
| LEADER |
00000nab a2200000 a 4500 |
| 001 |
vtls000196874 |
| 003 |
SK-MaSNL |
| 005 |
20260302205152.0 |
| 008 |
160204c1984 xo 0 slo |
| 015 |
|
|
|a SNBRA19rr/mm-uuuuu
|
| 035 |
|
|
|a CL0206987
|
| 040 |
|
|
|a SNKBUCL
|b slo
|c SNKBUCL
|e AACR2
|
| 041 |
0 |
|
|a slo
|
| 044 |
|
|
|a xo
|c SK
|
| 080 |
|
|
|a 630 11:631.52
|2 1981
|
| 080 |
|
|
|a 631.52
|2 1981
|
| 100 |
1 |
|
|a Paule, Ladislav,
|d 1947-
|4 aut
|9 243789
|
| 245 |
1 |
0 |
|a Populačná genetika a šľachtenie lesných drevín
|c Ladislav Paule
|
| 300 |
|
|
|b Lit. 29 zázn. v angl.
|
| 650 |
0 |
7 |
|a dreviny lesné
|2 snkbucl
|9 498002
|
| 650 |
0 |
7 |
|a populačná genetika
|2 snkbucl
|9 236466
|
| 655 |
|
7 |
|a články zo zborníkov
|2 snkbucl
|9 166140
|
| 773 |
0 |
|
|t Hybridizácia a premenlivosť lesných drevín
|d Zvolen : VŠLD, 1984
|
| 850 |
|
|
|a Slovenská národná knižnica v Martine
|a MTA001
|
| 852 |
|
|
|a SNK
|b KIS3GCP
|
| 958 |
|
|
|a NB
|
| 958 |
|
|
|a RK
|
| 992 |
|
|
|a RZB
|
| 999 |
|
|
|c 1476618
|d 1478548
|